000 00977nas a2200301 4500
001 BR9203515
003 BR-BrBNA
005 20231205092645.0
007 ta
008 230509b bl.|||p| |||| 00| 00por d
040 _aBR-BrBNA
_bpor
_cBiblioteca Nacional de Agricultura
041 _a(Pt)
072 _aL73
100 1 _aFerreiro, L.
100 1 _aFerreiro, C.L. da R.
100 1 _aBangel Junior, J.J.
100 1 _aSoares, H.C.
100 1 _aMoojen, V.
100 1 _aFernandes, J.C.T.
245 1 _aMastite bovina na grande Porto Alegre, Rio Grande do Sul. 1. agentes etiologicos isolados durante o periodo de 1982-1985
650 _aMAMITE
650 _aBOVINO
650 _aPORTO ALEGRE
650 _aRIO GRANDE DO SUL
773 0 _tArquivos da Faculdade de Veterinaria da Universidade Federal do Rio Grande do sul (Brazil)
_xISSN 0101-5230
_g(Dec 1985), v. 13 p. 81-88
_wBR9203515
909 _a202311
_bLúcia
_c55
_dLúcia Elande
942 _2AGRIS
_n0
_cANA
999 _c133195
_d133195